LEADER 015550000a22004210004500
020 |a 978-81-7276-431-9 
082 |a 954 N6.4 
100 |a Majumdar, A K; Editor 
100 |a Majumdar, R C; Editor 
100 |a Pusalker, A D; Editor 
240 |a The history and culture of the Indian people (11v)  |l ENG 
245 |a The age of imperial Kanauj 
250 |a 5th ed 
260 |a Mumbai, Bharatiya Vidya Bhavan 
260 |c 2009 
460 |a v 4 (xliv,585p) 
465 |a Rs.500.00 
490 |a 4 
500 |a ed by R C Majumdar, A D Pusalker and A K Majumdar 
500 |a Includes bibliographical references and index 
650 |a Ceylon-History-700 A D-1000 A D 
650 |a Deccan (India)-History-700 A D-1000 A D 
650 |a India, Northeastern-History-700 A D-1000 A D 
650 |a India, South-History-700 A D-1000 A D 
650 |a India, Western-History-700 A D-1000 A D 
650 |a India-Economic conditions-700 A D-1000 A D 
650 |a India-History-700 A D-1000 A D 
650 |a Indian literature-History-700 A D-1000 A D 
650 |a Indian philosophy-700 A D-1000 A D 
650 |a India-Politics and government-700 A D-1000 A D 
650 |a India-Social conditions-700 A D-1000 A D 
650 |a Pala dynasty 
650 |a Pratihara dynasty 
650 |a Rashtrakutas 
650 |a Religion-India-700 A D-1000 A D 
942 |c BK 
999 |c 41766  |d 41766 
952 |0 0  |1 0  |4 0  |6 954_N6_400000000000000  |7 0  |8 REF  |9 42355  |a MGUL  |b MGUL  |d 2013-07-16  |e Rs.500.00  |l 0  |o 954 N6.4  |p 39813  |r 2013-07-16  |w 2013-07-16  |y REF